Т. 117, кн. 1 : Сборник работ общественных кафедр; Ученые записки Казанского университета

Podrobná bibliografie
Parent link:Ученые записки Казанского университета: [сборник научных трудов]/ Казанский государственный университет (КГУ). Т. 117, кн. 1 : Сборник работ общественных кафедр.— , 1909-
Další autoři: Нужин М. Т. (редактор)
Jazyk:ruština
Vydáno: 1957
Témata:
Médium: MixedMaterials Kniha
KOHA link:https://koha.lib.tpu.ru/cgi-bin/koha/opac-detail.pl?biblionumber=107865

MARC

LEADER 00000nam2a2200000 4500
001 107865
005 20231101214749.0
035 |a (RuTPU)RU\TPU\book\116455 
035 |a RU\TPU\book\116454 
090 |a 107865 
100 |a 20070109d1957 k y0rusy50 ca 
101 0 |a rus 
102 |a RU 
105 |a y z 001zy 
200 0 |a Т. 117, кн. 1 : Сборник работ общественных кафедр  |f отв. ред. М. Т. Нужин 
210 |d 1957 
215 |a 183 с. 
320 |a Библиогр. в конце ст. 
461 1 |0 (RuTPU)RU\TPU\book\283219  |t Ученые записки Казанского университета  |o [сборник научных трудов]  |f Казанский государственный университет (КГУ)  |v Т. 117, кн. 1 : Сборник работ общественных кафедр  |d 1909-  
606 1 |a Общественные науки  |x Методика преподавания  |2 stltpush  |3 (RuTPU)RU\TPU\subj\46682  |9 65799 
610 1 |a колхозы 
610 1 |a хозяйственная деятельность 
610 1 |a КПСС 
610 1 |a история 
610 1 |a Первая русская революция 1905-1907 
610 1 |a внешняя политика 
686 |a С  |2 rubbk 
702 1 |a Нужин  |b М. Т.  |4 340 
801 1 |a RU  |b 63413507  |c 20070109  |g PSBO 
801 2 |a RU  |b 63413507  |c 20180123  |g PSBO 
942 |c BK